Населені пункти Івано-Франківського району - Statistics

General Stats
  • This quiz has been taken 6 times
    4 since last reset
  • The average score is 61 of 319
Answer Stats
Group Answer % Correct
Богородчанська Село Саджава
100%
Більшівцівська Селище Більшівці
50%
Більшівцівська Село Яблунів
50%
Богородчанська Селище Богородчани
50%
Богородчанська Село Глибівка
50%
Богородчанська Село Глибоке
50%
Богородчанська Село Горохолина
50%
Богородчанська Село Горохолин Ліс
50%
Богородчанська Село Діброва
50%
Богородчанська Село Жураки
50%
Богородчанська Село Забережжя
50%
Богородчанська Село Іваниківка
50%
Богородчанська Село Копачівка
50%
Богородчанська Село Ластівці
50%
Богородчанська Село Підгір'я
50%
Богородчанська Село Похівка
50%
Богородчанська Село Старуня
50%
Богородчанська Село Хмелівка
50%
Букачівська Селище Букачівці
50%
Букачівська Хутір Зруб
50%
Букачівська Село Чернів
50%
Бурштинська Село Бовшів
50%
Бурштинська Місто Бурштин
50%
Бурштинська Село Діброва
50%
Бурштинська Село Задністрянське
50%
Бурштинська Село Слобода
50%
Галицька Місто Галич
50%
Галицька Село Колодіїв
50%
Галицька Село Крилос
50%
Галицька Село Острів
50%
Галицька Село Шевченкове
50%
Дзвиняцька Село Дзвиняч
50%
Дзвиняцька Село Космач
50%
Дзвиняцька Село Луквиця
50%
Дзвиняцька Село Міжгір'я
50%
Дзвиняцька Село Росільна
50%
Дубовецька Село Делієве
50%
Дубовецька Село Дубівці
50%
Єзупільська Село Ганнусівка
50%
Єзупільська Село Довге
50%
Єзупільська Селище Єзупіль
50%
Єзупільська Село Побережжя
50%
Єзупільська Село Стриганці
50%
Загвіздянська Село Загвіздя
50%
Загвіздянська Село Підлісся
50%
Івано-Франківська Село Березівка
50%
Івано-Франківська Село Братківці
50%
Івано-Франківська Село Вовчинець
50%
Івано-Франківська Село Добровляни
50%
Івано-Франківська Село Драгомирчани
50%
Івано-Франківська Місто Івано-Франківськ
50%
Івано-Франківська Село Камінне
50%
Івано-Франківська Село Колодіївка
50%
Івано-Франківська Село Крихівці
50%
Івано-Франківська Село Микитинці
50%
Івано-Франківська Село Підлужжя
50%
Івано-Франківська Село Підпечери
50%
Івано-Франківська Село Радча
50%
Івано-Франківська Село Тисменичани
50%
Івано-Франківська Село Узин
50%
Івано-Франківська Село Угорники
50%
Івано-Франківська Село Хриплин
50%
Івано-Франківська Село Черніїв
50%
Івано-Франківська Село Чукалівка
50%
Лисецька Селище Лисець
50%
Лисецька Село Посіч
50%
Лисецька Село Старий Лисець
50%
Лисецька Село Стебник
50%
Обертинська Село Обертин
50%
Олешанська Село Делева
50%
Олешанська Село Долина
50%
Олешанська Село Мостище
50%
Олешанська Село Одаїв
50%
Олешанська Село Олеша
50%
Рогатинська селищеΘ Вигода
50%
Рогатинська Село Березівка
50%
Рогатинська Село Липівка
50%
Рогатинська Місто Рогатин
50%
Рогатинська Село Бойки
50%
Рогатинська селищеΘ Стефанівка
50%
Солотвинська Село Бабче
50%
Солотвинська Село Богрівка
50%
Солотвинська селище Бойки
50%
Солотвинська Село Гута
50%
Солотвинська Село Кричка
50%
Солотвинська Село Манява
50%
Солотвинська Село Маркова
50%
Солотвинська Село Монастирчани
50%
Солотвинська Село Раковець
50%
Солотвинська Присілок Стара Гута
50%
Солотвинська Селище Солотвин
50%
Солотвинська Село Яблунька
50%
Старобогородчанська Село Гринівка
50%
Старобогородчанська Село Лесівка
50%
Старобогородчанська Село Нивочин
50%
Старобогородчанська Село Скобичівка
50%
Старобогородчанська Село Старі Богородчани
50%
Тисменицька Село Липівка
50%
Тисменицька Село Нова Липівка
50%
Тисменицька Село Одаї
50%
Тисменицька Село Погоня
50%
Тисменицька Село Слобідка
50%
Тисменицька Село Терновиця
50%
Тисменицька Місто Тисмениця
50%
Тисменицька Село Хом'яківка
50%
Тлумацька Село Бортники
50%
Тлумацька Село Грушка
50%
Тлумацька Село Діброва
50%
Тлумацька Село Олешів
50%
Тлумацька Село Остриня
50%
Тлумацька Місто Тлумач
50%
Ямницька Село Угринів
50%
Ямницька Село Клузів
50%
Ямницька Село Майдан
50%
Ямницька Село Нова Гута
50%
Ямницька Село Павлівка
50%
Ямницька Село Рибне
50%
Ямницька Село Сілець
50%
Ямницька Село Ценжів
50%
Ямницька Село Ямниця
50%
Більшівцівська Село Дитятин
0%
Більшівцівська Село Жалибори
0%
Більшівцівська Село Загір'я-Кукільницьке
0%
Більшівцівська Село Кінашів
0%
Більшівцівська Село Кукільники
0%
Більшівцівська Село Курів
0%
Більшівцівська Село Набережне
0%
Більшівцівська Село Нараївка
0%
Більшівцівська Село Нові Скоморохи
0%
Більшівцівська Село Підшумлянці
0%
Більшівцівська Село Поділля
0%
Більшівцівська Село Слобідка Більшівцівська
0%
Більшівцівська Село Старі Скоморохи
0%
Більшівцівська Село Хохонів
0%
Богородчанська Село Грабовець
0%
Букачівська Село Букачівська Слобода
0%
Букачівська Село Витань
0%
Букачівська Село Вишнів
0%
Букачівська Село Журавеньки
0%
Букачівська Село Козарі
0%
Букачівська Село Посвірж
0%
Букачівська Село Луковець-Вишнівський
0%
Букачівська Село Луковець-Журівський
0%
Букачівська Село Колоколин
0%
Букачівська Село Чагрів
0%
Бурштинська Село Вигівка
0%
Бурштинська Село Дем'янів
0%
Бурштинська Село Заливки
0%
Бурштинська Село Коростовичі
0%
Бурштинська Село Куничі
0%
Бурштинська Село Куропатники
0%
Бурштинська Село Насташине
0%
Бурштинська Село Новий Мартинів
0%
Бурштинська Село Озеряни
0%
Бурштинська Село Різдвяни
0%
Бурштинська Село Сарники
0%
Бурштинська Село Старий Мартинів
0%
Бурштинська Село Тенетники
0%
Бурштинська Село Юнашків
0%
Галицька Село Блюдники
0%
Галицька Село Бринь
0%
Галицька Село Височанка
0%
Галицька Село Вікторів
0%
Галицька Село Ганнівці
0%
Галицька Село Демешківці
0%
Галицька Село Дорогів
0%
Галицька Село Залуква
0%
Галицька Село Козина
0%
Галицька Село Комарів
0%
Галицька Село Курипів
0%
Галицька Село Мединя
0%
Галицька Село Німшин
0%
Галицька Село Перлівці
0%
Галицька Село Поплавники
0%
Галицька Село Придністров'я
0%
Галицька Село Пукасівці
0%
Галицька Село Сапогів
0%
Галицька Село Сокіл
0%
Галицька Село Суботів
0%
Галицька Село Темирівці
0%
Дубовецька Село Бишів
0%
Дубовецька Село Водники
0%
Дубовецька Село Ворониця
0%
Дубовецька Село Кінчаки
0%
Дубовецька Село Кремидів
0%
Дубовецька Село Лани
0%
Дубовецька Село Маріямпіль
0%
Дубовецька Село Медуха
0%
Дубовецька Село Межигірці
0%
Дубовецька Село Озерце
0%
Дубовецька Село Садки
0%
Дубовецька Село Тумир
0%
Дубовецька Село Тустань
0%
Обертинська Село Гавриляк
0%
Обертинська Село Гарасимів
0%
Обертинська Село Гончарів
0%
Обертинська Село Жабокруки
0%
Обертинська Село Жуків
0%
Обертинська Село Олещин
0%
Обертинська Село Хотимир
0%
Обертинська Село Яківка
0%
Олешанська Село Будзин
0%
Олешанська Село Живачів
0%
Олешанська Село Ісаків
0%
Олешанська Село Луг
0%
Олешанська Село Озеряни
0%
Олешанська Село Петрів
0%
Олешанська Село Підвербівці
0%
Олешанська Село Сокирчин
0%
Олешанська Село Соколівка
0%
Олешанська Село Суходіл
0%
Рогатинська Село Бабухів
0%
Рогатинська Село Вербилівці
0%
Рогатинська Село Залужжя
0%
Рогатинська Село Верхня Липиця
0%
Рогатинська Село Гоноратівка
0%
Рогатинська Село Городиська
0%
Рогатинська Село Зеленів
0%
Рогатинська Село Лопушня
0%
Рогатинська Село Малинівка
0%
Рогатинська Село Виспа
0%
Рогатинська Село Васючин
0%
Рогатинська Село Любша
0%
Рогатинська Село Мельна
0%
Рогатинська Село Кам'янка
0%
Рогатинська Село Воскресинці
0%
Рогатинська Село Григорів
0%
Рогатинська Село Данильче
0%
Рогатинська Село Дегова
0%
Рогатинська Село Приозерне
0%
Рогатинська Село Дички
0%
Рогатинська Село Яглуш
0%
Рогатинська Село Добринів
0%
Рогатинська Село Корчунок
0%
Рогатинська Село Долиняни
0%
Рогатинська Село Жовчів
0%
Рогатинська Село Журів
0%
Рогатинська Село Заланів
0%
Рогатинська Село Малий Заланів
0%
Рогатинська Село Кліщівна
0%
Рогатинська Село Княгиничі
0%
Рогатинська Село Загір'я
0%
Рогатинська Село Конюшки
0%
Рогатинська Село Воронів
0%
Рогатинська Село Кривня
0%
Рогатинська Село Лучинці
0%
Рогатинська Село Обельниця
0%
Рогатинська Село Нижня Липиця
0%
Рогатинська Село Помонята
0%
Рогатинська Село Потік
0%
Рогатинська Село Залип'я
0%
Рогатинська Село Пуків
0%
Рогатинська Село Путятинці
0%
Рогатинська Село Підвиння
0%
Рогатинська Село Кутці
0%
Рогатинська Село Перенівка
0%
Рогатинська Село Підгороддя
0%
Рогатинська Село Підмихайлівці
0%
Рогатинська Село Луковище
0%
Рогатинська Село Руда
0%
Рогатинська Село Підкамінь
0%
Рогатинська Село Світанок
0%
Рогатинська Село Стратин
0%
Рогатинська Село Погребівка
0%
Рогатинська Село Уїзд
0%
Рогатинська Село Фрага
0%
Рогатинська Село Беньківці
0%
Рогатинська Село Підбір'я
0%
Рогатинська Село Черче
0%
Рогатинська Село Чесники
0%
Рогатинська Село Явче
0%
Рогатинська Село Йосипівка
0%
Рогатинська Присілок Григорівська Слобода
0%
Рогатинська Присілок Лісова
0%
Рогатинська Присілок Межигаї
0%
Рогатинська Присілок Пилипівці
0%
Солотвинська Село Кривець
0%
Солотвинська Село Пороги
0%
Тисменицька Село Вільшаниця
0%
Тисменицька Село Клубівці
0%
Тисменицька Село Красилівка
0%
Тисменицька Село Марківці
0%
Тисменицька Село Милування
0%
Тисменицька Село Нові Кривотули
0%
Тисменицька Село Пшеничники
0%
Тисменицька Село Рошнів
0%
Тисменицька Село Старі Кривотули
0%
Тисменицька Село Студинець
0%
Тисменицька Село Чорнолізці
0%
Тлумацька Село Антонівка
0%
Тлумацька Село Братишів
0%
Тлумацька Село Буківна
0%
Тлумацька Село Бушкалик
0%
Тлумацька Село Вікняни
0%
Тлумацька Село Вільне
0%
Тлумацька Село Гончарівка
0%
Тлумацька Село Гостів
0%
Тлумацька Село Грабичанка
0%
Тлумацька Село Гринівці
0%
Тлумацька Село Загір'я
0%
Тлумацька Село Золота Липа
0%
Тлумацька Село Колінці
0%
Тлумацька Село Королівка
0%
Тлумацька Село Купелів
0%
Тлумацька Село Кутище
0%
Тлумацька Село Лиса Гора
0%
Тлумацька Село Локітка
0%
Тлумацька Село Мельники
0%
Тлумацька Село Надорожна
0%
Тлумацька Село Нижнів
0%
Тлумацька Село Новосілка
0%
Тлумацька Село Палагичі
0%
Тлумацька Село Петрилів
0%
Тлумацька Село Попелів
0%
Тлумацька Село Прибилів
0%
Тлумацька Село Пужники
0%
Тлумацька Село Смерклів
0%
Тлумацька Село Тарасівка
0%
Ямницька Село Тязів
0%
No matching quizzes found
Score Distribution
Percent of People with Each Score
Percentile by Number Answered
Your Score History
You have not taken this quiz since the last reset